1034 1054 1637 1849 1886 1941 1861 1909 1417 1566 1703 1254 1040 1761 1228 1485 1570 1005 1036 1524 1983 1942 1955 1032 1523 1885 1746 1774 1643 1933 1815 1134 1957 1593 1995 1915 1580 1819 1707 1907 1450 1456 1930 1981 1766 1444 1331 1966 1718 1281 1674 1689 1052 1789 1359 1990 1487 1004 1676 1990 1899 1020 1012 1519 1544 1443 1997 1471 1640 1810 1956 1808 1244 1860 1797 1361 1283 1927 1368 1025 1245 1128 1601 1292 1860 1239 1901 1258 1859 1065 1967 1352 1809 1544 1723 1088 1038 1211 1817 BCNSPRNW ULIB Ver.6.0+V

เปลี่ยนเป็นภาษาไทย

Change to English
 แสดงรายละเอียดบรรณานุกรม
  กลับหน้าหลัก

Brief Record : Get Marc (ISO 2709) : E-mail record : QR code < ปิดหน้าต่าง
LEADER : 00000nam 2200000uu 4500
001    13399126101
003     ULIB
008    020711s2018 th a 000 0 eng d
020    ^a9780323399166
060    ^aQV4^bM129P
100    ^aLinda E. McCuistion, Kathleen Vuljon-DiMaggio, Mary B. Winton and Jennifer J. Yeager.
245    ^aPharmacology : A Patient-Centered Nursing Process Approach/^cLinda E. McCuistion, Kathleen Vuljon-DiMaggio, Mary B. Winton and Jennifer J. Yeager
250    ^a9th ed
260    ^aLouis, Missouri :^bElsevier Limited,^c2018
300    ^a918 pages;^b30 cm
650    ^aPhramacological Phenomena
650    ^aPhramaceutical Preparation
650    ^aDrug Therapy
945    ^p3204^l0^i004124
999    ^aวรรณษา ชูชัยมงคล
รายการนี้ยังไม่มีแท็ก
คุณยังไม่ได้ล็อกอิน คุณสามารถมีกิจกรรมร่วมกับเว็บไซต์ได้ แต่ต้องล็อกอินก่อน ::
  ล็อกอิน

รายการสื่อสารสนเทศ

ลำดับที่ ประเภท เลขเรียก/บาร์โค้ด สถานที่ สถานะ
1. วิทยาศาสตร์การแพทย์ และสุขภาพ
หนังสือสำรอง
สถานะ=หนังสือสำรอง
QV4 M129P ฉ.1 
  Barcode: 004124
ห้องสมุดวิทยาเขตสวรรค์ประชารักษ์
►หนังสือทั่วไป
บนชั้น

รายการใกล้เคียง
    ผู้แต่ง [Linda E. McCuistion, Kathleen Vuljon-DiMaggio, Mary B. Winton and Jennifer J. Yeager.]

    หัวเรื่อง [Phramacological Phenomena]
    หัวเรื่อง [Phramaceutical Preparation]
    หัวเรื่อง [Drug Therapy]

BibComment


ยังไม่เคยถูกคอมเมนท์

คอมเมนท์ทรัพยากรรายการนี้
  คอมเมนท์: Pharmacology A ..


 Copyright 2026. Bcnsprnw @Library